[Event "Sutton op"]
[Site "Sutton"]
[Date "1999.??.??"]
[Round "6"]
[White "Ethelontis, Alexandros N"]
[Black "Rosen, Daniel B"]
[Result "1/2-1/2"]
[WhiteElo "2130"]
[BlackElo "2228"]

1.c4 e5 2.g3 f5 3.d4 Nc6 4.dxe5 Nxe5 5.Qb3 Bc5 6.Bg2 Nf6 7.Nf3 Nxf3+ 8.Bxf3 c6
9.Nc3 Qb6 10.Qxb6 Bxb6 11.Bf4 Kd8 12.O-O-O Bc7 13.Bxc7+ Kxc7 14.Rhe1 d6 15.e4 Re8
16.Bg2 Be6 17.b3 Rad8 18.f4 fxe4 19.Nxe4 Nxe4 20.Rxe4  1/2-1/2

[Event "Tampere op"]
[Site "Tampere"]
[Date "1999.??.??"]
[Round "7"]
[White "Haapasalo, Jukka Pekka"]
[Black "Kanep, Meelis"]
[Result "1/2-1/2"]
[WhiteElo "2249"]
[BlackElo "2126"]

1.c4 e5 2.g3 f5 3.Bg2 Nf6 4.Nc3 d6 5.d3 Be7 6.e4 c6 7.Nge2 Be6 8.O-O fxe4
9.Nxe4 Nxe4 10.Bxe4 d5 11.cxd5 cxd5 12.Bg2 Nc6 13.d4  1/2-1/2

[Event "Tampere op"]
[Site "Tampere"]
[Date "1999.??.??"]
[Round "7"]
[White "Keskisarja, Teemu"]
[Black "Joentausta, Hannu"]
[Result "1-0"]
[WhiteElo "2313"]
[BlackElo "2165"]

1.c4 e5 2.g3 g6 3.Bg2 Bg7 4.Nc3 Ne7 5.e3 d6 6.Nge2 Nbc6 7.O-O O-O 8.Rb1 Be6
9.Nd5 Qd7 10.d3 f5 11.b4 Rae8 12.Bd2 h6 13.b5 Nd8 14.Nec3 Kh7 15.Nxe7 Rxe7
16.Nd5 Ref7 17.f4 c6 18.bxc6 bxc6 19.Qb3 Re8 20.Qa3 e4 21.Nb4 exd3 22.Qxd3 a5
23.Nc2 Nb7 24.Nd4 Nc5 25.Qc2 Ne4 26.Bxa5 d5 27.Nxe6 Qxe6 28.cxd5 Qxd5 29.Bb6 c5
30.Rfd1 Qc6 31.Bxe4 Rxe4 32.Qxc5 Qa4 33.Qd5 Rfe7 34.Bc5 Re8 35.Rb7 Qc2 36.Rd2 Qc1+
37.Rd1 Qc2 38.Rdb1  1-0

[Event "Mislata op8th"]
[Site "Valencia"]
[Date "1999.??.??"]
[Round "2"]
[White "Oltra Caurin, Ramon"]
[Black "Picornell Morant, Jose Enrique"]
[Result "1-0"]
[WhiteElo "2414"]
[BlackElo "2045"]

1.g3 e5 2.c4 Nc6 3.Bg2 Nf6 4.Nc3 Bb4 5.e4 d6 6.Nge2 O-O 7.O-O Bg4 8.h3 Be6
9.d3 Qd7 10.Kh2 Ne8 11.Nd5 Bc5 12.g4 Nd4 13.f4 Nxe2 14.Qxe2 c6 15.f5 cxd5
16.fxe6 Qxe6 17.exd5 Qe7 18.Be4 Nc7 19.Bd2 Bd4 20.Rab1 a5 21.Rf5 Na6 22.Bg5 Qd7
23.Rf3 Nc5 24.Bf5 Qc7 25.b3 Rab8 26.Qd2 b6 27.Bf6  1-0

[Event "FIN-ch"]
[Site "Vammala"]
[Date "1999.??.??"]
[Round "1"]
[White "Jouhki, Yrjo Markus"]
[Black "Keskisarja, Teemu"]
[Result "1/2-1/2"]
[WhiteElo "2306"]
[BlackElo "2313"]

1.c4 e5 2.g3 Nf6 3.Bg2 Nc6 4.Nc3 Bc5 5.e3 d6 6.Nge2 O-O 7.O-O Bg4 8.h3 Bh5
9.d3 a6 10.a3 Qd7 11.b4 Ba7 12.Kh2 Ne8 13.g4 Bg6 14.Ng3 Rb8 15.Bb2 Ne7 16.f4 f6
17.Qe2 c6 18.Rae1 Nc7 19.h4 Rbe8 20.f5 Bf7 21.g5 d5 22.Bh3 Qd8 23.Nd1 dxc4
24.dxc4 b5 25.cxb5 cxb5 26.Qg4 Kh8 27.Ne4 Bd5 28.Ndc3 Bxe4 29.Nxe4 Ncd5 30.Qg3 Qc7
31.Rc1 Qd7 32.Nc5 Bxc5 33.Rxc5 Rc8 34.Rfc1 Rxc5 35.Rxc5 Rc8 36.Bxe5 fxe5
37.f6 Nf5 38.Qxe5 Rxc5 39.Bxf5 Nxf6 40.bxc5 Qd2+ 41.Kh3 Qd1 42.Qb8+ Ng8 43.Qf4 Qh1+
44.Kg3 Qg1+ 45.Kf3 Qf1+ 46.Kg3  1/2-1/2

[Event "LTU-ch"]
[Site "Vilnius"]
[Date "1999.??.??"]
[Round "?"]
[White "Bursteinas, Romanas"]
[Black "Zapolskis, Antanas"]
[Result "0-1"]
[WhiteElo "2339"]
[BlackElo "2358"]

1.c4 e5 2.g3 Nc6 3.Bg2 d6 4.Nc3 f5 5.e3 Nf6 6.Nge2 g6 7.d3 Bg7 8.Rb1 a5 9.a3 O-O
10.O-O Ne7 11.e4 fxe4 12.dxe4 Be6 13.Nd5 h6 14.h3 Qd7 15.Kh2 Rad8 16.Be3 c6
17.Nxf6+ Rxf6 18.Rc1 g5 19.Qd2 Qc7 20.b4 axb4 21.axb4 Ng6 22.Qd3 Qf7 23.b5 Rd7
24.bxc6 bxc6 25.Ng1 Nf8 26.Qe2 Ng6 27.Bf3 Rb7 28.Rfd1 Bf8 29.Bg4 Bxg4 30.hxg4 Rb4
31.Kg2 c5 32.Qd3 Ne7 33.Ne2 Qe6 34.Bd2 Rb2 35.Qa3 Rb8 36.f3 Nc6 37.Be1 Rf7
38.Qd3 Rb2 39.Rd2 Rfb7 40.Qd5 Qxd5 41.exd5 Nd4 42.Nxd4 exd4 43.Kf2 Bg7 44.Rd1 Be5
45.Ke2 R2b4 46.Rc2 Rb3 47.Rcd2 Re3+  0-1

[Event "Wisla Hugart op (Women)"]
[Site "Warsaw"]
[Date "1999.??.??"]
[Round "?"]
[White "Foisor, Cristina Adela B"]
[Black "Jackova, Jana"]
[Result "1-0"]
[WhiteElo "2370"]
[BlackElo "2202"]

1.c4 e5 2.g3 Nf6 3.Bg2 d5 4.cxd5 Nxd5 5.Nf3 Nc6 6.O-O Nb6 7.d3 Be7 8.a3 O-O
9.Nbd2 Re8 10.b4 Nd4 11.Bb2 c6 12.e3 Nxf3+ 13.Nxf3 Bf6 14.Qc2 Bg4 15.h3 Bh5
16.Rfe1 a5 17.Nd2 axb4 18.axb4 Rxa1 19.Bxa1 Nd5 20.Rb1 Be7 21.b5 c5 22.Qb3 Nb4
23.Nc4 Bf6 24.Bxb7 Nxd3 25.Be4 Nb4 26.Bc3 Be7 27.g4 Bg6 28.Bxg6 hxg6 29.Bxb4 cxb4
30.Nxe5 Kh7 31.Nc6 Qd6 32.Nxe7 Rxe7 33.Qxb4 Qd3 34.b6 Rb7 35.Qb5 Qc2 36.g5 Qd2
37.Rb4 Qd8 38.Rh4+ Kg8 39.Rd4 Qe7 40.Kh2 Kh7 41.Qc6 Rb8 42.Qc7  1-0

[Event "It IM"]
[Site "Lohmar GER"]
[Date "2000.01.02"]
[Round "7"]
[White "Kaposztas,M"]
[Black "Dgebuadze,A"]
[Result "0-1"]
[WhiteElo "2316"]
[BlackElo "2510"]

1.c4 e5 2.g3 Nc6 3.Bg2 g6 4.Nc3 Bg7 5.e3 d6 6.Nge2 h5 7.d4 h4 8.d5 Nb8 9.e4 Nd7
10.Be3 Bh6 11.Qd2 Bxe3 12.Qxe3 Ngf6 13.f3 a5 14.g4 Nh7 15.h3 g5 16.Nc1 Nhf8
17.Nd3 Ng6 18.Ne2 b6 19.O-O Ba6 20.Rfc1 O-O 21.Bf1 Qf6 22.Rc2 Nc5 23.Nxc5 bxc5
24.a4 Rfb8 25.Rd1 Rb4 26.b3 Rab8 27.Rc3 Bc8 28.Kh1 Bd7 29.Kg1 Kg7 30.Kh1 R8b7
31.Kg1 Kh6 32.Kh1 Qd8 33.Kh2 Qb8 34.Nc1 Nf4 35.Rd2 Kg7 36.Ra2 Kf6 37.Rd2 Ke7
38.Ra2 Qh8 39.Rd2 Qf6 40.Kg1 c6 41.Na2 R4b6 42.Nc1 cxd5 43.cxd5 Rb4 44.Kh2 Rd4
45.Ba6 Rb6 46.Bf1 Bc8 47.Rcc2 Ng6 48.Kg2 Ba6 49.Bxa6 Rxa6 50.Qe1 Nf4+ 51.Kh2 Rb4
52.Rc3 Rab6 53.Qd1 Kf8 54.Qc2 Kg7 55.Qd1 Rd4 56.Rcc2 Rbb4 57.Qe1 Nxh3 58.Rxd4 Rxd4
59.Kxh3 Qxf3+ 60.Kh2 Rd1  0-1

[Event "ch-AUS"]
[Site "Mingara NSW AUS"]
[Date "2000.01.08"]
[Round "10"]
[White "Johansen,D"]
[Black "Dwyer,D"]
[Result "1-0"]
[WhiteElo "2496"]
[BlackElo "2144"]

1.c4 e5 2.g3 c6 3.d4 Bb4+ 4.Bd2 Bxd2+ 5.Qxd2 d6 6.Nc3 Nf6 7.Nf3 e4 8.Nh4 d5
9.cxd5 cxd5 10.Ng2 Nc6 11.Ne3 O-O 12.Bg2 Be6 13.O-O Qb6 14.Rfd1 Rfd8 15.Na4 Qc7
16.Nc5 Bc8 17.Rac1 Qd6 18.Qc3 Ne7 19.f3 exf3 20.exf3 b6 21.Nd3 Nf5 22.Ne5 Nxe3
23.Qxe3 Bb7 24.Bh3 Bc8 25.Bf1 Bb7 26.Rc3 Nd7 27.Bh3 Nxe5 28.dxe5 Qb4 29.Qd2 d4
30.Rd3 Qc5 31.f4 Be4 32.b4 Qc4 33.Rxd4 Rxd4 34.Qxd4 Qxd4+ 35.Rxd4 Bc6 36.Bf1 b5
37.Rd6 Be8 38.Ra6 Kf8 39.Kf2 Rc8 40.Rxa7 Rc2+ 41.Be2 Rb2 42.a3 Rb3 43.f5 Bc6
44.f6 gxf6 45.exf6 Ke8 46.Re7+  1-0

[Event "ch-CRO"]
[Site "Pula CRO"]
[Date "2000.01.13"]
[Round "7"]
[White "Hulak,K"]
[Black "Stevic,H"]
[Result "1-0"]
[WhiteElo "2493"]
[BlackElo "2470"]

1.g3 e5 2.c4 Nc6 3.Bg2 g6 4.Nc3 Bg7 5.e3 Nge7 6.Nge2 O-O 7.O-O d6 8.d3 Be6
9.Nd5 Qd7 10.b3 e4 11.Rb1 Nxd5 12.cxd5 Bxd5 13.Nf4 Ne7 14.dxe4 Bc6 15.Bb2 Bxb2
16.Rxb2 f5 17.exf5 Bxg2 18.Kxg2 Rxf5 19.e4 Re5 20.Re1 Rf8 21.h4 d5 22.Rd2 c6
23.Re3 Rd8 24.Nh3 d4 25.Ng5 c5 26.f4 Rd5 27.Rf3 Rd6 28.Qc2 Qb5 29.h5 Rc6
30.hxg6 hxg6 31.f5 Rf6 32.g4 Nc6 33.Rh3 Ne5 34.Qc1 Qa5 35.Rc2 Nf7 36.Nxf7 Rxf7
37.Qh6  1-0

[Event "VII Anibal Open"]
[Site "Linares ESP"]
[Date "2000.01.14"]
[Round "8"]
[White "Yandemirov,V"]
[Black "Turov,M"]
[Result "1-0"]
[WhiteElo "2481"]
[BlackElo "2529"]

1.c4 e5 2.g3 Nf6 3.Bg2 Bc5 4.Nc3 O-O 5.e3 Re8 6.d3 Nc6 7.Nge2 a5 8.O-O d6
9.h3 h6 10.Kh2 Ba7 11.Bd2 Nb4 12.Qb1 c6 13.a3 Na6 14.b4 Nb8 15.Ra2 d5 16.cxd5 cxd5
17.bxa5 d4 18.exd4 exd4 19.Ne4 Nxe4 20.dxe4 Nc6 21.Nf4 Nxa5 22.Nd5 Bc5 23.Rc1 b6
24.Bb4 Nb7 25.Rb2 Ra7 26.Nf4 Bxb4 27.Rxb4 Rxa3 28.Rxb6 Rc3 29.Rd1 Nc5 30.Nd5 Rc4
31.Qa2 Ra4 32.Qc2 Ra5 33.Rc6  1-0

[Event "Belgian Interteams 1999-2000"]
[Site "Antwerp BEL"]
[Date "2000.01.23"]
[Round "8"]
[White "Meessen,R"]
[Black "Beeckmans,F"]
[Result "0-1"]
[WhiteElo "2335"]
[BlackElo "2245"]

1.c4 e5 2.g3 Nf6 3.Bg2 d5 4.cxd5 Nxd5 5.Nf3 Nc6 6.d3 Be7 7.a3 O-O 8.Nbd2 Nb6
9.b4 a5 10.b5 Nd4 11.Rb1 Nd5 12.Bb2 Nxb5 13.Qb3 c6 14.Nxe5 a4 15.Qc2 Nxa3
16.Bxa3 Bxa3 17.Ra1 Bd6 18.Nec4 Be7 19.O-O Bf6 20.Ra3 b5 21.Ne3 Nxe3 22.fxe3 Qe7
23.Ne4 Qxa3 24.Rxf6 Qe7 25.Rf1 b4 26.Qxc6 Bb7 27.Qb5 Kh8 28.Qh5 g6 29.Qh6 Bxe4
30.Bxe4 Rab8 31.g4 b3  0-1

[Event "ch-BRA"]
[Site "Brasilia BRA"]
[Date "2000.01.25"]
[Round "8"]
[White "Valle,A"]
[Black "Tsuboi,E"]
[Result "1/2-1/2"]
[WhiteElo "2229"]
[BlackElo "2334"]

1.c4 e5 2.g3 Nc6 3.Bg2 g6 4.Nc3 Bg7 5.Rb1 a5 6.a3 d6 7.b4 axb4 8.axb4 f5
9.b5 Nce7 10.Bb2 Nf6 11.Ra1 Rxa1 12.Qxa1 O-O 13.d3 h6 14.e3 g5 15.Nge2 Ng6
16.Qa7 b6 17.Nd5 Nxd5 18.Bxd5+ Kh8 19.f4 gxf4 20.exf4 exf4 21.Bxg7+ Kxg7
22.Nxf4 Re8+ 23.Kd2 Nxf4 24.gxf4 Qe7 25.Qa1+ Kh7 26.Re1 Qxe1+ 27.Qxe1 Rxe1
28.Kxe1 Kg6 29.Kf2 Kf6 30.Ke3 Bd7 31.Kd4 Ke7  1/2-1/2

[Event "5th HIT Open"]
[Site "Nova Gorica SLO"]
[Date "2000.02.02"]
[Round "2"]
[White "Timoscenko,G"]
[Black "Bratanov,Z"]
[Result "1-0"]
[WhiteElo "2519"]
[BlackElo "2332"]

1.c4 e5 2.g3 g6 3.d4 d6 4.Nf3 Bg7 5.Bg2 e4 6.Ng5 f5 7.f3 h6 8.Nh3 exf3 9.Bxf3 g5
10.Bh5+ Kf8 11.Nf2 Nc6 12.e3 Nf6 13.Bf3 Kf7 14.Nc3 Rf8 15.O-O Kg8 16.Rb1 Ne7
17.b3 c6 18.Ba3 Be6 19.Qd3 Qd7 20.e4 fxe4 21.Ncxe4 Nxe4 22.Nxe4 Bf5 23.Qd2 Rae8
24.Rbe1 Nc8 25.Bg2 Bg6 26.Rxf8+ Rxf8 27.Nf2 Bf5 28.d5 c5 29.Bb2 Ne7 30.Bxg7 Kxg7
31.g4 Bg6 32.Re6 Bf7 33.Qc3+ Kh7 34.Qf6 Bxe6 35.Qxf8  1-0

[Event "Goodricke Open"]
[Site "Calcutta IND"]
[Date "2000.02.06"]
[Round "1"]
[White "Koshy,V"]
[Black "Vaidya,A"]
[Result "0-1"]
[WhiteElo "2346"]
[BlackElo "2261"]

1.c4 e5 2.g3 g6 3.d4 d6 4.dxe5 dxe5 5.Qxd8+ Kxd8 6.Nc3 Be6 7.Bg2 c6 8.b3 Nd7
9.Bd2 f6 10.f4 exf4 11.gxf4 Nh6 12.e4 Kc7 13.Nf3 Re8 14.Nd4 Bf7 15.O-O-O Ng4
16.Rdf1 Nc5 17.Kc2 Rd8 18.h3 Nh6 19.Be3 Be7 20.Rd1 Rd7 21.b4 Na6 22.b5 Nc5
23.bxc6 bxc6 24.Nxc6 Kxc6 25.e5+ Kc7 26.exf6 Nf5 27.Bf2 Bf8 28.Nb5+ Kc8 29.Rxd7 Kxd7
30.Rd1+ Ke6 31.Rd8 Kxf6 32.Bxc5 Bxc5 33.Rxh8 Ne3+ 34.Kc3 Nxg2 35.Rxh7 Nxf4
36.h4 Ne2+ 37.Kd3 Nc1+ 38.Ke4 Nxa2 39.Nc7 Nb4 40.Nd5+ Bxd5+ 41.cxd5 Bf8 42.Kd4 a5  0-1

[Event "FSIMB February"]
[Site "Budapest HUN"]
[Date "2000.02.10"]
[Round "6"]
[White "Karatorossian,D"]
[Black "Medvegy,N"]
[Result "1-0"]
[WhiteElo "2345"]
[BlackElo "2275"]

1.c4 e5 2.g3 c6 3.d4 Bb4+ 4.Bd2 Bxd2+ 5.Qxd2 d6 6.Nc3 Nf6 7.Rd1 Qe7 8.Bg2 O-O
9.e3 Bg4 10.Nge2 Nbd7 11.h3 Bxe2 12.Qxe2 Nb6 13.O-O h6 14.b3 e4 15.Qc2 d5
16.c5 Nbd7 17.b4 b6 18.Rb1 a5 19.cxb6 axb4 20.Na4 Qd6 21.Qb3 Rfb8 22.Qxb4 Ne8
23.Rfc1 Qg6 24.b7 Ra7 25.Qe7 Qe6 26.Qxe6 fxe6 27.Nc5 Nxc5 28.Rxc5 Raxb7 29.Rxb7 Rxb7
30.Rxc6 Kf7 31.Bf1 Ke7 32.a4 Nc7 33.a5 Kd7 34.Rb6 Kc8 35.Rxb7 Kxb7 36.h4 Kc6
37.Kg2 Nb5 38.Be2 Nd6 39.Bg4 Nf5 40.Bxf5 exf5 41.h5 Kb5 42.g4 fxg4 43.Kg3 Kxa5
44.Kxg4 Kb4 45.Kf5 Kc3 46.Ke5  1-0

[Event "Masters KO"]
[Site "Cannes FRA"]
[Date "2000.02.21"]
[Round "3.2"]
[White "Markowski,T"]
[Black "Savchenko,S"]
[Result "0-1"]
[WhiteElo "2531"]
[BlackElo "2574"]

1.g3 e5 2.c4 Nf6 3.Bg2 c6 4.d4 Bb4+ 5.Bd2 Bxd2+ 6.Qxd2 d6 7.Nc3 Qe7 8.e4 d5
9.cxd5 exd4 10.Qxd4 cxd5 11.Nxd5 Nxd5 12.Qxd5 O-O 13.Ne2 Be6 14.Qd2 Rd8 15.Qe3 Qb4+
16.Qc3 Nc6 17.Nf4 Bc4 18.Bf1 Bxa2 19.Be2 Qxe4 20.f3 Qf5 21.Bd3 Qe5+ 22.Qxe5 Nxe5
23.Be4 Bc4 24.Kf2 Rd2+ 25.Ke3 Rad8 26.Rxa7 g5 27.Rxb7 gxf4+ 28.Kxf4 Nd3+  0-1

[Event "Masters"]
[Site "Monaco MNC"]
[Date "2000.02.21"]
[Round "1"]
[White "Kosten,A"]
[Black "Guidarelli,L"]
[Result "1-0"]
[WhiteElo "2511"]
[BlackElo "2359"]

1.c4 e5 2.g3 Nc6 3.Bg2 g6 4.Nc3 Bg7 5.e4 d6 6.Nge2 h5 7.h4 Bg4 8.f3 Be6 9.d3 Qd7
10.Nd5 Nd4 11.Nxd4 exd4 12.O-O c6 13.Nf4 Ne7 14.Nxe6 fxe6 15.Bh3 O-O 16.Bg5 Rae8
17.b4 d5 18.Qb3 Kh7 19.Rae1 dxe4 20.dxe4 c5 21.bxc5 Nc6 22.Rd1 Rb8 23.f4 b6
24.cxb6 Rxb6 25.Qa3 Rf7 26.f5 exf5 27.exf5 gxf5 28.Qd3 Ne7 29.Rde1 Kg8 30.Bxe7 Rxe7
31.Bxf5 Qc7 32.Be4 Rf6 33.Kg2 Qd6 34.Rxf6 Qxf6 35.Rf1 Qe5 36.Bd5+ Kh8 37.Qg6 Qe2+
38.Rf2 Qg4 39.Qc6 d3 40.Qa8+ Kh7 41.Qd8 Bf6 42.Qd6 Re2 43.Qxf6 d2 44.Qf7+ Kh6
45.Qf8+ Kh7 46.Bg8+ Qxg8 47.Qf5+ Kh6 48.Rxe2 Qa8+ 49.Kf2 d1=N+ 50.Kg1  1-0

[Event "16th open"]
[Site "Cappelle La Grande FRA"]
[Date "2000.02.25"]
[Round "8"]
[White "Stryjecki,M"]
[Black "Eingorn,V"]
[Result "1/2-1/2"]
[WhiteElo "2381"]
[BlackElo "2597"]

1.g3 e5 2.c4 Nf6 3.Bg2 c6 4.d4 Bb4+ 5.Bd2 Bxd2+ 6.Qxd2 exd4 7.Nf3 d5 8.cxd5 Qxd5
9.Qxd4 O-O 10.Nc3 Qh5 11.O-O Na6 12.Rfd1 Re8 13.Rd2 Bg4 14.Rad1 h6 15.Qf4 Bxf3
16.Bxf3 Qg5 17.Qc4 Nc7 18.Ne4  1/2-1/2

[Event "Open"]
[Site "Cannes FRA"]
[Date "2000.02.26"]
[Round "7"]
[White "Dichev,N"]
[Black "Dijoux,F"]
[Result "1-0"]
[WhiteElo "2203"]
[BlackElo "2127"]

1.c4 e5 2.g3 Nc6 3.Bg2 g6 4.Nc3 Bg7 5.d3 d6 6.e4 Be6 7.Nge2 Qd7 8.Nd5 Nd4
9.Nxd4 exd4 10.Nf4 Ne7 11.O-O O-O 12.Bd2 Rab8 13.b4 b5 14.cxb5 Qxb5 15.Nxe6 fxe6
16.Qb3 Kh8 17.a4 Qe5 18.Qa2 Qf6 19.f4 e5 20.Qc4 c5 21.b5 Nc8 22.a5 Qe7 23.fxe5 dxe5
24.Rxf8+ Bxf8 25.Rb1 Nd6 26.Qxc5 Nxb5 27.Qxe7 Bxe7 28.a6 Bd6 29.Bh3 Na3 30.Rxb8+ Bxb8
31.Bh6 Bd6 32.Kf2 Nc2 33.Be6 Nb4 34.Bc4 Nc6 35.Ke2 Ne7 36.Kd2 Ng8 37.Bg5 Kg7
38.Kc2 Nf6 39.Be6 h6 40.Bd2 Ne8 41.Kb3 Nc7 42.Bc4 g5 43.Bb4 Bxb4 44.Kxb4 Kf6
45.Kc5 Ke7 46.Kc6 Ne8 47.Kd5 Nd6 48.Bb3 Nf7 49.Kc6 Nd6 50.Ba4 Ke6 51.Kc7 Ke7
52.Bd7 Nf7 53.Bg4 Nd8 54.Bh5 Ne6+ 55.Kc6 Ng7 56.Bg6 Ne6 57.Kd5 Kf6 58.Kd6 Nd8
59.Bf5 Nf7+ 60.Kd5 Nd8 61.Kd6 Nf7+ 62.Kd7 Nh8 63.Be6 Ng6 64.Kd6 Nh8 65.Kd7 Ng6
66.Bg4 Nf8+ 67.Kd6 Ng6 68.h3 Ne7 69.Kc7 Ng8 70.Kb7  1-0

[Event "NED-chT"]
[Site "Hengelo NED"]
[Date "2000.02.27"]
[Round "4"]
[White "Rogozenko,D"]
[Black "Sadler,M"]
[Result "0-1"]
[WhiteElo "2562"]
[BlackElo "2630"]

1.c4 e5 2.g3 Nc6 3.Nc3 g6 4.Bg2 Bg7 5.Rb1 f5 6.d3 Nf6 7.e3 O-O 8.Nge2 a6
9.b4 Kh8 10.a4 a5 11.b5 Nb4 12.Ba3 c5 13.bxc6 dxc6 14.O-O Nh5 15.Nc1 f4 16.Ne4 Nf6
17.Nxf6 Qxf6 18.Bxb4 axb4 19.Rxb4 f3 20.Bh1 g5 21.Na2 e4 22.dxe4 g4 23.Qc2 Ra5
24.c5 Qe7 25.Rc1 Be6 26.h3 h5 27.e5 h4 28.hxg4 hxg3 29.fxg3 f2+ 30.Kf1 Bxe5
31.Re4 Bd5 32.Rxe5 Qxe5 33.Bxd5 Qxd5 34.e4 Qe5 35.Qd2 Qxe4 36.Qh6+ Kg8 37.Qg5+ Kh7
38.Qh5+ Kg7 39.Qg5+ Qg6 40.Qe5+ Kg8 41.Rd1 Qxg4  0-1

[Event "Ciocaltea Mem"]
[Site "Bucharest ROM"]
[Date "2000.03.19"]
[Round "6"]
[White "Marin,M"]
[Black "Svetushkin,D"]
[Result "1/2-1/2"]
[WhiteElo "2555"]
[BlackElo "2486"]

1.c4 e5 2.g3 Nc6 3.Nc3 g6 4.Bg2 Bg7 5.d3 d6 6.Rb1 a5 7.e3 f5 8.Nge2 Nf6 9.O-O O-O
10.b3 Ne7 11.f4 h6 12.Qd2 g5 13.Bb2 Ng6 14.e4 gxf4 15.gxf4 fxe4 16.Nxe4 Nxe4
17.Bxe4 Nxf4 18.Nxf4 exf4 19.Kh1 Bxb2 20.Qxb2 Qf6 21.Rg1+ Kh8 22.Rg6 Qxb2
23.Rxh6+ Kg7 24.Rg6+ Kh7 25.Rxb2 Bf5 26.Re6 Bxe4+ 27.Rxe4 Rf7 28.Kg2 Rg8+
29.Kf3 Rg1 30.Rf2 Rd1 31.Rxf4 Rxf4+ 32.Kxf4 Rxd3 33.Ke4 Rh3 34.Rf7+ Kg6 35.Rxc7 Rxh2
36.a4 Kf6 37.Rxb7 Ke6 38.Rb5 Rh3 39.c5 Rh5 40.Kd3 Rh3+ 41.Kd4 Rh4+ 42.Kc3 Rh3+
43.Kb2 Rh5 44.c6 Rc5 45.Kb1 Ke7 46.Rxc5 dxc5 47.Kc2 Kd6 48.Kc3 Kc7 49.Kd3 Kd6
50.Kc3  1/2-1/2

[Event "ch-LTU"]
[Site "Vilnius LTU"]
[Date "2000.03.26"]
[Round "2"]
[White "Bursteinas,R"]
[Black "Petrauskas,R"]
[Result "1-0"]
[WhiteElo "2368"]
[BlackElo "2260"]

1.c4 e5 2.g3 Nf6 3.Bg2 d5 4.cxd5 Nxd5 5.Nc3 Nb6 6.Nf3 Nc6 7.O-O Be6 8.Rb1 f6
9.a3 a5 10.d3 Qd7 11.Be3 Rd8 12.Ne4 Nd5 13.Bc5 Bd6 14.Rc1 Nde7 15.d4 b6 16.Bxd6 cxd6
17.Nc3 d5 18.dxe5 fxe5 19.Na4 Rb8 20.b4 axb4 21.axb4 Qd6 22.b5 Na5 23.Ng5 Bg8
24.e3 h6 25.Ne4 Qg6 26.Rc7 Rd8 27.Nec3 Qd6 28.Ra7 Bf7 29.Qg4 O-O 30.Rd1 Be6
31.Bxd5 Qxd5 32.Nxd5 Bxg4 33.Nxe7+ Kh7 34.Rxd8 Rxd8 35.Kg2 Nc4 36.Rc7 Be6
37.Rc6 Bf7 38.Nxb6 Na5 39.Rc8 Rd2 40.Nc6 Bd5+ 41.Nxd5 Nxc6 42.bxc6 Rxd5 43.Kf3 Rc5
44.Ke4 Kg6 45.h4 h5 46.c7  1-0

[Event "AB Puchko Mem"]
[Site "Alushta UKR"]
[Date "2000.03.29"]
[Round "11"]
[White "Kononenko,T"]
[Black "Kozakov,M"]
[Result "0-1"]
[WhiteElo "2374"]
[BlackElo "2426"]

1.c4 e5 2.g3 Nc6 3.Bg2 Nf6 4.d3 Bc5 5.Nc3 d6 6.e3 O-O 7.Nge2 a5 8.O-O Bb6
9.d4 exd4 10.exd4 h6 11.h3 Ne7 12.b3 c6 13.d5 cxd5 14.cxd5 Ng6 15.Kh2 Re8
16.Bb2 Bd7 17.Nd4 Bc5 18.Qd2 Qb6 19.Nc2 a4 20.Rab1 axb3 21.axb3 Qxb3 22.Ba1 Qc4
23.Rxb7 Ne5 24.Rbb1 Bxh3 25.f4 Bxg2 26.Kxg2 Ne4 27.Nxe4 Qxe4+ 28.Kh3 Qf5+
29.Kg2 Nc4  0-1

[Event "ch-LTU"]
[Site "Vilnius LTU"]
[Date "2000.03.29"]
[Round "5"]
[White "Bursteinas,R"]
[Black "Gavrikov,Vi"]
[Result "0-1"]
[WhiteElo "2368"]
[BlackElo "2563"]

1.c4 e5 2.g3 Nf6 3.Bg2 h6 4.Nc3 Bb4 5.Nd5 Nxd5 6.cxd5 O-O 7.Nf3 Re8 8.O-O c6
9.Qb3 Qa5 10.a3 Bf8 11.dxc6 Nxc6 12.d3 d5 13.e4 dxe4 14.dxe4 Be6 15.Qc2 Rac8
16.Qb1 Bb3 17.Be3 Qa4 18.Nd2 Nd4 19.Bxd4 Bc2 20.Qa2 Qxd4 21.Nf3 Qa4 22.Rac1 a5
23.Bh3 Rc5 24.Nd2 Bd3 25.Rfe1 Rd8 26.Qb3 Qd4 27.Nf3 Rxc1 28.Rxc1 Qxe4 29.Bg2 Ba6
30.Re1 Qd3 31.Qxd3 Rxd3 32.Rxe5 Rb3 33.Nh4 Rxb2 34.Bd5 Re2 35.Rf5 Re7 36.Bb3 a4
37.Ba2 Bd3 38.Ra5 b5 39.Kg2 g5  0-1

[Event "ch-LTU"]
[Site "Vilnius LTU"]
[Date "2000.04.01"]
[Round "8"]
[White "Labuckas,A"]
[Black "Rastenis,G"]
[Result "1-0"]
[WhiteElo "2307"]
[BlackElo "2328"]

1.g3 e5 2.c4 Nf6 3.Bg2 h6 4.Nc3 Bb4 5.Qb3 a5 6.e3 O-O 7.Nge2 Re8 8.O-O Nc6
9.d3 d6 10.a3 Bc5 11.Bd2 Bd7 12.h3 Qc8 13.Kh2 Bf5 14.Qc2 Nd8 15.Nd5 Nxd5
16.cxd5 a4 17.Nc3 Bd7 18.Rac1 Qb8 19.Ne4 Bb6 20.g4 c6 21.Bb4 Bc7 22.Ng3 Ba5
23.Qxa4 Bxb4 24.Qxb4 c5 25.Qd2 b5 26.Be4 Ra4 27.Rg1 b4 28.Nh5 f6 29.Ra1 Qa8
30.Qc1 bxa3 31.Rxa3 Nf7 32.Qc3 Rxa3 33.Qxa3 Qxa3 34.bxa3 Rb8 35.Ra1 Ba4 36.Ng3 Ng5
37.Bf5 Nf3+ 38.Kg2 Nd2 39.Ra2 Nb1 40.Ne4 Rb6 41.Ra1 Bc2 42.a4 Ra6 43.a5 c4
44.dxc4 Bxe4+ 45.Bxe4 Nd2 46.Bg6 Kf8 47.Ra4 Nb3 48.Rb4 Nxa5 49.Rb8+ Ke7 50.Rg8 f5
51.gxf5 Nxc4 52.Rxg7+ Kf8 53.f6  1-0

[Event "FSIMA April"]
[Site "Budapest HUN"]
[Date "2000.04.02"]
[Round "2"]
[White "Lehtinen,H"]
[Black "Murzin,L"]
[Result "1/2-1/2"]
[WhiteElo "2246"]
[BlackElo "2231"]

1.c4 e5 2.g3 Nf6 3.Bg2 Nc6 4.d3 d5 5.cxd5 Nxd5 6.Nf3 Be7 7.Nc3 Be6 8.O-O O-O
9.d4 exd4 10.Nxd4 Nxd4 11.Qxd4 Bf6 12.Qa4 Bxc3 13.bxc3 Qf6 14.Bb2 Nb6 15.Qd4 Nc4
16.Qxf6 gxf6 17.Bc1 c6 18.Rb1 Rab8 19.Bf4 Ne5 20.a4 Rfd8 21.h3 Bd5 22.e4 Bc4
23.Rfd1 Rxd1+ 24.Rxd1 Bb3 25.Rd6 Kg7 26.a5 Bc4 27.Be3 Bb5 28.Bxa7 Ra8 29.Bb6 Nc4
30.Rd1 Nxb6 31.axb6 Ra3 32.Bf1 Bxf1 33.Kxf1 Rb3 34.Ke2 Rxb6 35.Rd2 Rb5 36.Ke3 Kf8
37.Rd8+ Kg7 38.g4 h5 39.c4 Rb3+ 40.Rd3 Rb4 41.Rc3 hxg4 42.hxg4 Kf8 43.Kf4 Ke7
44.Kf5 Ra4 45.Re3 Ra5+ 46.Kf4 b5 47.cxb5 Rxb5 48.Rc3 Kd6 49.f3 Ra5 50.Rc1 Ra3
51.Rh1 Rc3 52.Rh6 Ke7 53.Rh8 c5 54.Rc8 Kd7 55.Ra8 Rd3 56.Rf8 Ke7 57.Rc8 Rc3
58.Rc6 c4 59.Rc8 Kd6 60.Rf8 Ke6 61.Rd8 Rb3 62.Rc8 Rc3 63.Rc7 Rc1 64.Rc8 Ke7
65.Kf5 c3 66.Rc4 c2 67.Kf4 Kd7 68.Rc3 Kd6 69.Rc4 Ke6 70.Rc5 Kd6 71.Rc3 Ke6
72.Ke3 Ke5 73.Rc5+ Kd6 74.Rc3 Ke5 75.Rc5+ Kd6 76.Rc3 Ke5 77.Rc5+ Kd6 78.Rc3 Ke5  1/2-1/2

[Event "Open"]
[Site "Dos Hermanas ESP"]
[Date "2000.04.11"]
[Round "5"]
[White "Matamoros Franco,C"]
[Black "Schmidt,JP"]
[Result "1-0"]
[WhiteElo "2492"]
[BlackElo "2324"]

1.c4 e5 2.g3 Nc6 3.Bg2 g6 4.Nc3 Bg7 5.e4 d6 6.Nge2 Be6 7.d3 f5 8.Nd5 Nge7
9.Nxe7 Nxe7 10.exf5 gxf5 11.Bxb7 Rb8 12.Bg2 O-O 13.f4 e4 14.O-O exd3 15.Qxd3 Rb4
16.Bd2 Rxb2 17.Nd4 Bf7 18.Bc3 Rb8 19.Rae1 d5 20.cxd5 Nxd5 21.Nc6 Nxc3 22.Nxd8 Rbxd8
23.Qxf5 Rd2 24.Qg5 h6 25.Qg4 Kh8 26.f5 Rb8 27.f6 Bf8 28.Rf2 Rxf2 29.Kxf2 Bc5+
30.Kf1 Rg8 31.Qf4 Rg6 32.Re7 Bd6 33.Qh4 Bxa2 34.Re8+ Kh7 35.Be4 Nxe4 36.Qxe4 Bf7
37.Re7 Bxe7 38.fxe7 Be8 39.Qf5 a5 40.Qxa5 Rf6+ 41.Kg1 Kg7 42.Qxc7 Kf7 43.g4 Rc6
44.Qf4+ Kxe7 45.h4 Rf6 46.Qb4+ Kf7 47.Qb7+ Kf8 48.Qh7 Rg6 49.Kf2 Bf7 50.Kg3 Rf6
51.Qh8+ Ke7 52.h5 Re6 53.Qg7 Ke8 54.Kf4 Rc6 55.Ke4 Re6+ 56.Kd4 Rd6+ 57.Ke3 Re6+
58.Kf2 Rc6 59.g5 hxg5 60.h6 Bg6 61.h7 Bxh7 62.Qxh7 Rf6+ 63.Ke3 Kf8 64.Ke4 Rf7
65.Qh6+ Rg7 66.Kf5 Kf7 67.Qe6+ Kf8 68.Kf6  1-0

[Event "XXXI Open"]
[Site "Mar del Plata ARG"]
[Date "2000.04.19"]
[Round "5"]
[White "Tempone,M"]
[Black "Szmetan,J"]
[Result "1/2-1/2"]
[WhiteElo "2443"]
[BlackElo "2401"]

1.g3 e5 2.c4 Nf6 3.Bg2 c6 4.d4 exd4 5.Qxd4 d5 6.Nf3 Be7 7.cxd5 cxd5 8.Qa4+ Bd7
9.Qb3 Nc6 10.O-O O-O 11.Bf4 Qa5 12.Nbd2 Qa6 13.Rfc1 Rfe8 14.a3 h6 15.Bf1 Be6
16.e3 Qb6 17.Qxb6 axb6 18.Nb3 g5 19.Bc7 Nd7 20.Nfd4 Rec8 21.Nb5 Nc5 22.Nxc5 bxc5
23.Bb6 Na5 24.Rc3 Bf6 25.Bxa5 Rxa5 26.Rc2 Raa8 27.Bg2 Ra6 28.Rac1 c4 29.Rd2 Rb6
30.a4 Ra8 31.Nc3 Bxc3 32.bxc3 Rxa4 33.Bxd5 Bxd5 34.Rxd5 Ra2 35.Rcd1 Rf6  1/2-1/2

[Event "Israeli League"]
[Site "Ramat Aviv ISR"]
[Date "2000.04.28"]
[Round "9"]
[White "Zifroni,D"]
[Black "Beider,A"]
[Result "1-0"]
[WhiteElo "2531"]
[BlackElo "2318"]

1.c4 e5 2.g3 Nc6 3.Bg2 f5 4.Nc3 Nf6 5.e3 Bc5 6.Nge2 O-O 7.d4 Bd6 8.c5 Be7
9.d5 Bxc5 10.dxc6 bxc6 11.b4 Be7 12.b5 d5 13.bxc6 Be6 14.O-O Qd6 15.Qa4 Rfb8
16.Rb1 Qc5 17.Bd2 Rd8 18.Rfc1 Qa3 19.Qxa3 Bxa3 20.Rd1 a6 21.Bc1 Bc5 22.Na4 Bf8
23.f4 exf4 24.gxf4 d4 25.Nxd4 Bxa2 26.Rb7 Ne8 27.Rd2 Bc4 28.Nxf5 Bb5 29.Nc3 Bb4
30.Rxd8 Rxd8 31.Nd5 Bxc6 32.Rxb4 Bxd5 33.Bxd5+  1-0